000 00515nam a2200133Ia 4500
005 20260209120139.0
008 260209s9999||||xx |||||||||||||| ||und||
100 _aTimothee Dufour
245 0 _aProgression of foreign direct investment in India and its need in the contemporary economic development
260 _aBangaloreBangalore
_bNLSIU
_c2017
300 _a109 p. ; 25 cm.
700 _aProf. (Dr.) O V Nandimath - GuideProf. (Dr.) O V Nandimath - Guide
856 _uhttps://dans.nls.ac.in/handle/123456789/1555
999 _c217337
_d217337